MARC

LEADER 00000nam0a2200000 4500
001 44225
005 20231101210850.0
010 |a 5238003730 
035 |a (RuTPU)RU\TPU\book\45859 
090 |a 44225 
100 |a 20021110d2002 m y0rusy50 ca 
101 0 |a rus 
102 |a RU 
105 |a y j 000zy 
200 1 |a Банковское право  |e учебник для вузов  |f Н. Д. Эриашвили 
205 |a 3-е изд., перераб. и доп. 
210 |a Москва  |c ЮНИТИ-ДАНА  |d 2002 
215 |a 629 с. 
451 1 |0 (RuTPU)RU\TPU\book\130709  |y 5-238-00846-5  |t Банковское право  |o учебник для вузов  |f Н. Д. Эриашвили  |e 4-е изд., перераб. и доп.  |c М.  |n ЮНИТИ-ДАНА  |d 2005  |p 528 с.  |a Эриашвили, Нодари Дарчоевич 
451 1 |0 (RuTPU)RU\TPU\book\12802  |y 5238000847  |t Банковское право  |o учебник  |f Н. Д. Эриашвили  |c М.  |n Закон и право  |d 1999  |p 383 с.  |s Золотой фонд российских учебников  |a Эриашвили, Нодари Дарчоевич 
610 1 |a право 
610 1 |a финансовое право 
610 1 |a банки 
610 1 |a банковское право 
610 1 |a Российская Федерация 
610 1 |a банковская система 
610 1 |a кредитные организации 
610 1 |a банкротство 
610 1 |a управление 
610 1 |a кредитные отношения 
610 1 |a безналичный расчет 
610 1 |a электронные услуги 
610 1 |a пластиковые карты 
610 1 |a лизинг 
610 1 |a валютные отношения 
610 1 |a правовое регулирование 
610 1 |a национальные валюты 
610 1 |a фальшивомонетничество 
610 1 |a учебники 
686 |a Х622я73  |v LBC/SL-A  |2 rubbk 
700 1 |a Эриашвили  |b Н. Д.  |g Нодари Дарчоевич 
712 0 2 |a Международное банковское объединение  |2 stltpush  |3 (RuTPU)RU\TPU\col\1405  |9 23565 
801 1 |a RU  |b 63413507  |c 20021110  |g PSBO 
801 2 |a RU  |b 63413507  |c 20080506  |g PSBO 
900 |a Банковское дело 
942 |c BK 
951 |a 521600  |b 021100 
952 |a 521400  |b 030300